Návrh algoritmov riadenia turbodúchadla s premenlivou geometriou

Uložené v:
Podrobná bibliografia
Hlavný autor: Minarovič, Michal, 1986- (Autor)
Ďalší autori: Rohaľ-Ilkiv, Boris, 1949- (Vedúci práce)
Médium: Rukopis Kniha
Jazyk:Slovak
Vydavateľské údaje: Bratislava : STU v Bratislave SjF, 2011
Predmet:
On-line prístup:VAIS
Tagy: Pridať tag
Žiadne tagy, Buďte prvý, kto otaguje tento záznam!

MARC

LEADER 00000ntm a22000003a 4500
001 stu232858
005 20150617230135.0
008 110803s2011----xo------------------slo-d
040 |a STU  |b slo 
041 0 |a slo 
044 |a xo 
100 1 |a Minarovič, Michal,  |d 1986-  |4 aut  |u J0030  |U SjF Strojnícka fakulta  |T SjF Ústav dopravnej techniky a konštruovania  |X 26357  |U J0030  |Y 806  |7 A000026357 
242 0 0 |a Modeling and control of laboratory system of the air section of the combustion engine  |y eng 
245 1 |a Návrh algoritmov riadenia turbodúchadla s premenlivou geometriou 
260 |a Bratislava :  |b STU v Bratislave SjF,  |c 2011 
650 7 |a automobily, lode a spaľovacie motory  |2 stusub 
650 7 |a Automobiles, Ships and Combustion Engines  |2 estusub 
650 7 |a modeling  |2 estusub 
650 7 |a vzduchová vetva  |2 stusub 
650 7 |a modelovanie  |2 stusub 
700 1 |a Rohaľ-Ilkiv, Boris,  |d 1949-  |4 ths  |u J0020  |U SjF Strojnícka fakulta  |T SjF Ústav automatizácie, merania a aplikovanej informatiky  |X 2463  |U J0020  |Y 802  |7 A000002463 
856 4 |a info a plný text  |u http://is.stuba.sk/zp/portal_zp.pl?podrobnosti=72340  |3 VAIS 
996 |b 284J041902  |c J*1136/DP  |l JJSK  |s A  |a 24  |w stu232858_0001